Welcome to the Holygrace Academy Library

Please use search bar below to get started

BLINDMAN'S BLUFF (Record no. 2368)

MARC details
000 -LEADER
fixed length control field 00624nam a22001457a 4500
020 ## - INTERNATIONAL STANDARD BOOK NUMBER
ISBN 978-0-00-729561-6
082 ## - DEWEY DECIMAL CLASSIFICATION NUMBER
Classification number 823
Item number KEL/B
100 ## - MAIN ENTRY--AUTHOR NAME
Personal name KELLERMAN,FAYE
245 ## - TITLE STATEMENT
Title BLINDMAN'S BLUFF
260 ## - PUBLICATION, DISTRIBUTION, ETC. (IMPRINT)
Place of publication LONDON
Name of publisher HARPER COLLINS
300 ## - PHYSICAL DESCRIPTION
Number of Pages 424
520 ## - SUMMARY, ETC.
Summary, etc Book Summary. As a lieutenant in the LAPD, homicide detective Peter Decker doesn't get many calls at 3 a.m. unless a case is nasty, sensational—or both. Someone has broken into the exclusive Coyote Ranch compound of billionaire developer Guy Kaffey and viciously gunned him down, along with his wife and four employees.
650 ## - SUBJECT ADDED ENTRY--TOPICAL TERM
Topical Term NOVEL
Geographic subdivision LONDON
942 ## - ADDED ENTRY ELEMENTS (KOHA)
Koha item type Books
Holdings
Withdrawn status Lost status Collection code Home library Current library Shelving location Date acquired Source of acquisition Full call number Accession Number Koha item type
    Fiction Main Library Main Library SHELF-2-D ENGLIAH NOVELS FOR TEACHERS 14/10/2011 PURCHASE 823 KEL/B 05594 Books